000 00959nam a22002897a 4500
001 6653
003 FISKH
005 20250807160331.0
008 250519b cb ||||| |||| 00| 0 eng d
020 _a0590426001
040 _aFISKH
_beng
_cFISKH
_dFISKH
050 _aQP251 .H44
082 _a596.1468
100 _aHeller, Ruth
_d(1923–2004)
245 _aChickens aren't the only ones /
_cBy Ruth Heller
250 _aThis edition first published in 1981
260 _aNew York :
_bScholastic,
_c1981
300 _a38 unnumbered pages :
_bcolor illustrations ;
_c21 cm
505 _aP
520 _aA pictorial introduction to the animals that lay eggs, including chickens as well as other birds, reptiles, amphibians, fishes, insects, and even a few mammals.
521 8 _a620
_bLexile
521 8 _aP
_bRaz-Plus
650 _2Animals
_aOviparous animals
650 _2Reproduction
_aReptiles
942 _2ddc
_cBK
_n0
999 _c6653
_d6653